[Event "Gibtelecom Masters"]
[Site "Gibraltar"]
[Date "2008.01.25"]
[Round "4.38"]
[White "Zuse, Klaus-Peter"]
[Black "Van Haastert, Edwin"]
[Result "0-1"]
[WhiteElo "2274"]
[BlackElo "2416"]
[PlyCount "74"]
[EventDate "2008.01.22"]

1. g3 c5 2. Bg2 Nc6 3. c4 g6 4. Nc3 Bg7 5. a3 d6 6. e3 Bxc3 7. bxc3 Qd7 8. d3
b6 9. Ne2 Bb7 10. O-O O-O-O 11. e4 Kb8 12. Ra2 e6 13. Bg5 f6 14. Be3 Nge7 15.
f4 f5 16. Nc1 fxe4 17. Bxe4 d5 18. cxd5 exd5 19. Bg2 d4 20. Bd2 Nf5 21. Qa4
Rhe8 22. cxd4 Nfxd4 23. Re1 Qg4 24. Qd1 Rxe1+ 25. Qxe1 Nf3+ 26. Bxf3 Qxf3 27.
Qe4 Qh5 28. Bc3 Ka8 29. Qe2 Qd5 30. Qg2 Qd7 31. Qf1 Nd4 32. Bxd4 Qxd4+ 33. Qf2
Qd5 34. Kf1 Re8 35. Re2 Qh1+ 36. Qg1 Rxe2 37. Qxh1 Rc2 0-1

[Event "Gibtelecom Masters"]
[Site "Gibraltar"]
[Date "2008.01.25"]
[Round "4.39"]
[White "Foisor, Cristina Adela"]
[Black "Lovik, Lasse Ostebo"]
[Result "1-0"]
[WhiteElo "2412"]
[BlackElo "2052"]
[PlyCount "83"]
[EventDate "2008.01.22"]

1. Nf3 c5 2. c4 Nc6 3. d4 cxd4 4. Nxd4 Nf6 5. Nc3 d5 6. cxd5 Nxd5 7. Nxc6 bxc6
8. Qa4 Bd7 9. Bd2 Qb6 10. Qc2 e5 11. e3 Bb4 12. Bd3 Rb8 13. O-O Qc5 14. Rab1
Ba5 15. a3 Nxc3 16. Bxc3 Bxc3 17. Rfc1 Qd5 18. Be4 Qc4 19. b3 Qe6 20. Qxc3 O-O
21. b4 h5 22. Rb2 Rfc8 23. Rd2 Qe7 24. Qc5 Qxc5 25. Rxc5 Be6 26. h4 Rb6 27.
Rxe5 Rb5 28. Rxb5 cxb5 29. Rd6 Kf8 30. Rc6 Rxc6 31. Bxc6 Bc4 32. f4 Ke7 33. Kf2
g6 34. Bf3 f5 35. e4 Ke6 36. e5 Kd7 37. Ke3 Ke7 38. Kd4 Kd7 39. Kc5 Kc7 40. g3
a6 41. Bd5 Bd3 42. Bf7 1-0

[Event "Gibtelecom Masters"]
[Site "Gibraltar"]
[Date "2008.01.25"]
[Round "4.40"]
[White "Spence, David J"]
[Black "Foisor, Ovidiu Doru"]
[Result "1/2-1/2"]
[WhiteElo "2198"]
[BlackElo "2401"]
[PlyCount "91"]
[EventDate "2008.01.22"]

1. e4 c6 2. d4 g6 3. Nc3 d5 4. h3 Bg7 5. Nf3 Nh6 6. Bd3 f6 7. Qe2 Nf7 8. e5
fxe5 9. Nxe5 O-O 10. f4 Qb6 11. Qe3 Nxe5 12. fxe5 Na6 13. a3 Bf5 14. Ne2 c5 15.
Bxf5 Rxf5 16. c3 Raf8 17. b4 cxd4 18. cxd4 Nc7 19. Qd3 Rf2 20. Rg1 Ne6 21. Be3
R2f5 22. Qb3 Qd8 23. O-O-O Nc7 24. Kb1 Na8 25. Nc3 Nb6 26. Ne4 Nc4 27. Nc5 Qc8
28. Rc1 b6 29. Na4 R5f7 30. Ka1 Qf5 31. Nb2 b5 32. Rce1 Qc8 33. Nd3 e6 34. Nc5
a5 35. Kb1 Ra7 36. Bc1 axb4 37. axb4 Rf2 38. Nd3 Rfa2 39. Qxa2 Rxa2 40. Kxa2
Qa8+ 41. Kb3 Bh6 42. Bxh6 Qa4+ 43. Kc3 Qa3+ 44. Kc2 Qa4+ 45. Kc3 Qa3+ 46. Kc2
1/2-1/2

[Event "Gibtelecom Masters"]
[Site "Gibraltar"]
[Date "2008.01.25"]
[Round "4.41"]
[White "Vasvari, Tamas"]
[Black "Rendle, Thomas E"]
[Result "1/2-1/2"]
[WhiteElo "2174"]
[BlackElo "2393"]
[PlyCount "70"]
[EventDate "2008.01.22"]

1. e4 e6 2. d4 d5 3. Nc3 dxe4 4. Nxe4 Bd7 5. Nf3 Bc6 6. Bd3 Nd7 7. O-O Ngf6 8.
Qe2 Nxe4 9. Bxe4 Bxe4 10. Qxe4 c6 11. Bg5 Be7 12. Bxe7 Qxe7 13. c3 O-O 14. Rad1
Rfd8 15. h3 Nf6 16. Qe3 a5 17. Ne5 a4 18. a3 Nd5 19. Qe4 c5 20. Rfe1 Nf6 21.
Qh4 Rd5 22. c4 Rxd4 23. Rxd4 cxd4 24. Qxd4 Qc7 25. Rd1 h6 26. Qd6 Qa5 27. Nd7
Nxd7 28. Qxd7 Qb6 29. Rd2 g6 30. Qe7 Rf8 31. c5 Qa5 32. Rd1 Qb5 33. Rd8 Rxd8
34. Qxd8+ Kg7 35. Qd4+ Kg8 1/2-1/2

[Event "Gibtelecom Masters"]
[Site "Gibraltar"]
[Date "2008.01.25"]
[Round "4.42"]
[White "Aloma Vidal, Robert"]
[Black "Foisor, Mihaela-Veronica"]
[Result "1-0"]
[WhiteElo "2393"]
[BlackElo "2043"]
[PlyCount "55"]
[EventDate "2008.01.22"]

1. d4 e6 2. c4 f5 3. Nf3 Nf6 4. Nc3 Bb4 5. g3 Bxc3+ 6. bxc3 b6 7. Bg2 Bb7 8.
O-O O-O 9. a4 c5 10. a5 Ne4 11. Qb3 Ba6 12. Ng5 Nc6 13. Nxe4 fxe4 14. Bxe4 cxd4
15. cxd4 Nxd4 16. Qd3 Nc6 17. Bxh7+ Kh8 18. Bb2 e5 19. axb6 axb6 20. Be4 Qc7
21. Rad1 Rad8 22. g4 Rf7 23. Ba3 g5 24. Qh3+ Kg8 25. Rd6 Ne7 26. Rh6 Rg7 27.
Rh8+ Kf7 28. Qf3+ 1-0

[Event "Gibtelecom Masters"]
[Site "Gibraltar"]
[Date "2008.01.25"]
[Round "4.43"]
[White "Kandic, Milan"]
[Black "Bellin, Robert"]
[Result "0-1"]
[WhiteElo "2238"]
[BlackElo "2385"]
[PlyCount "108"]
[EventDate "2008.01.22"]

1. e4 c5 2. Nf3 Nc6 3. d4 cxd4 4. Nxd4 Nf6 5. Nc3 d6 6. Bc4 Qb6 7. Nb3 e6 8.
O-O Be7 9. Be3 Qc7 10. f4 a6 11. a4 d5 12. exd5 Nb4 13. d6 Bxd6 14. a5 O-O 15.
Bd3 Nfd5 16. Nxd5 Nxd5 17. Qf3 Nxe3 18. Qxe3 g6 19. h4 h5 20. c4 Bd7 21. c5 Be7
22. f5 gxf5 23. Bxf5 Bb5 24. Bd3 Bxd3 25. Qxd3 Bxc5+ 26. Kh1 Ba7 27. Qe2 Qg3
28. Qxh5 Bb8 29. Qg5+ Qxg5 30. hxg5 Kg7 31. Rf3 Kg6 32. Nc5 Rh8+ 33. Rh3 Ba7
34. Ne4 Rxh3+ 35. gxh3 Rh8 36. Kg2 Rh4 37. Re1 Bb8 38. Re3 Bc7 39. Nc5 Rb4 40.
Nd3 Rb5 41. b4 Rxg5+ 42. Kf1 Rd5 43. Ke2 Rd4 44. Rf3 Bd6 45. Rf1 f5 46. Rb1 Rd5
47. Rd1 Kf6 48. Rc1 Rd4 49. Rb1 e5 50. Nc5 e4 51. Nxb7 Rxb4 52. Rd1 Rb2+ 53.
Rd2 Rxd2+ 54. Kxd2 Be7 0-1

[Event "Gibtelecom Masters"]
[Site "Gibraltar"]
[Date "2008.01.25"]
[Round "4.44"]
[White "Bellon Lopez, Juan Manuel"]
[Black "Walton, Alan J"]
[Result "1-0"]
[WhiteElo "2455"]
[BlackElo "2207"]
[PlyCount "81"]
[EventDate "2008.01.22"]

1. c4 f5 2. Nc3 Nf6 3. e4 fxe4 4. g4 g6 5. Bg2 Bg7 6. g5 Nh5 7. Nxe4 Nf4 8. Bf1
d5 9. cxd5 Qxd5 10. d3 O-O 11. Bxf4 Rxf4 12. Ne2 Qa5+ 13. Qd2 Qxd2+ 14. Kxd2
Rf8 15. Bg2 c6 16. Kc2 Na6 17. a3 Nc7 18. Rae1 Nd5 19. Rhf1 Be5 20. N4c3 Nxc3
21. Nxc3 Bxh2 22. Rxe7 Bd6 23. Ree1 Bf5 24. f4 Rad8 25. Ne4 Bxe4 26. Rxe4 Rde8
27. Rxe8 Rxe8 28. Kd2 Rf8 29. Ke3 Rf5 30. Bh3 Rb5 31. Be6+ Kg7 32. Rf2 h6 33.
d4 c5 34. gxh6+ Kxh6 35. d5 Kg7 36. Ke4 Kf6 37. Rh2 Rb3 38. Rh7 g5 39. Rf7+ Kg6
40. f5+ Kh6 41. Rf6+ 1-0

[Event "Gibtelecom Masters"]
[Site "Gibraltar"]
[Date "2008.01.25"]
[Round "4.45"]
[White "Makka, Ioulia"]
[Black "Harika, Dronavalli"]
[Result "1/2-1/2"]
[WhiteElo "2186"]
[BlackElo "2455"]
[PlyCount "159"]
[EventDate "2008.01.22"]

1. e4 c5 2. c4 g6 3. Nf3 Bg7 4. d4 Qb6 5. Nc3 cxd4 6. Nd5 Qa5+ 7. b4 Qd8 8.
Nxd4 e6 9. Ne3 Ne7 10. Bb2 O-O 11. Be2 a5 12. a3 d5 13. exd5 exd5 14. c5 b6 15.
O-O bxc5 16. bxc5 Ba6 17. Qd2 Nd7 18. Rac1 Ne5 19. Rfd1 Qc8 20. Nb5 Bxb5 21.
Bxb5 Rd8 22. Qe2 Qe6 23. Bd4 Rab8 24. a4 N7c6 25. Nc2 Qc8 26. f4 Nc4 27. Bxg7
Kxg7 28. Bxc4 Re8 29. Qd3 dxc4 30. Qxc4 Qf5 31. Re1 Qf6 32. Re4 Rxe4 33. Qxe4
Rb2 34. Qe3 Ra2 35. Qb3 Rb2 36. Qa3 h5 37. Kh1 Kh7 38. Ne3 Rf2 39. Nd5 Qd4 40.
Qe3 Qxe3 41. Nxe3 Rxf4 42. Nc4 Kg7 43. Nb6 Rb4 44. Kg1 Rb2 45. Rd1 Rc2 46. Nd7
Rc4 47. Rd6 Ne7 48. Ra6 Rxa4 49. c6 Rc4 50. Nb8 a4 51. Ra7 Nd5 52. Ra5 Nc7 53.
Na6 Rc1+ 54. Kf2 Rc2+ 55. Kf3 Rc3+ 56. Kf2 Ne6 57. c7 a3 58. Rxa3 Rc2+ 59. Kf1
Nxc7 60. Nxc7 Rxc7 61. Kf2 Rc2+ 62. Kf3 g5 63. Rb3 Kg6 64. h3 h4 65. Rb6+ f6
66. Rb3 Rd2 67. Ra3 Kf5 68. Ra6 Ke5 69. Ra8 Rd3+ 70. Ke2 Rc3 71. Kf2 f5 72.
Ra5+ Ke4 73. Ra4+ Kd3 74. Ra5 Ke4 75. Ra4+ Kd5 76. Ra8 g4 77. hxg4 fxg4 78. Rh8
Ke4 79. Rxh4 Kf4 80. g3+ 1/2-1/2

[Event "Gibtelecom Masters"]
[Site "Gibraltar"]
[Date "2008.01.25"]
[Round "4.47"]
[White "Goldsztejn, Gildas"]
[Black "Erdelyi, Tamas"]
[Result "1/2-1/2"]
[WhiteElo "2380"]
[BlackElo "2186"]
[PlyCount "82"]
[EventDate "2008.01.22"]

1. Nf3 Nf6 2. d4 c5 3. d5 g6 4. c4 b5 5. cxb5 a6 6. Nc3 axb5 7. d6 Bg7 8. e4
O-O 9. Bxb5 Nxe4 10. dxe7 Bxc3+ 11. bxc3 Qxe7 12. O-O Nxc3 13. Re1 Nxd1 14.
Rxe7 Nc3 15. Bf1 Nc6 16. Re1 Rxa2 17. Rxa2 Nxa2 18. Bf4 d5 19. Bd6 c4 20. Bxf8
Kxf8 21. Ra1 Ncb4 22. Nd4 Ke7 23. f3 Kd6 24. Kf2 Kc5 25. Ke3 Bd7 26. Be2 Ba4
27. h4 c3 28. Bd3 c2 29. Ne2 Bb5 30. Bxb5 Kxb5 31. Kd4 Ka4 32. h5 gxh5 33. Rh1
Kb3 34. Rxh5 Kb2 35. Rh1 c1=Q 36. Nxc1 Nxc1 37. Rxh7 Nb3+ 38. Ke5 d4 39. Rxf7
d3 40. Rd7 Nc6+ 41. Ke4 Nc5+ 1/2-1/2

[Event "Gibtelecom Masters"]
[Site "Gibraltar"]
[Date "2008.01.25"]
[Round "4.48"]
[White "Nadig, Kruttika"]
[Black "Welling, Gerard"]
[Result "0-1"]
[WhiteElo "2208"]
[BlackElo "2371"]
[PlyCount "96"]
[EventDate "2008.01.22"]

1. e4 d5 2. exd5 Nf6 3. d4 Nxd5 4. Be2 Bf5 5. Nf3 e6 6. O-O Be7 7. Re1 O-O 8.
a3 a5 9. Nbd2 c5 10. Nf1 Nc6 11. c4 Nf6 12. Be3 Qb6 13. Ng3 Bg6 14. dxc5 Bxc5
15. Bxc5 Qxc5 16. Nh4 Rfd8 17. Qb3 Nd4 18. Qe3 Nxe2+ 19. Rxe2 Qxc4 20. Nxg6
hxg6 21. Rc1 Qb5 22. Rec2 Nd5 23. Qf3 Qd7 24. Ne4 Rac8 25. Rxc8 Rxc8 26. Rxc8+
Qxc8 27. Qxf7+ Kxf7 28. Nd6+ Ke7 29. Nxc8+ Kd7 30. Na7 Kd6 31. Kf1 Kc5 32. Nc8
a4 33. Ke2 Nf4+ 34. Ke3 Nxg2+ 35. Ke4 g5 36. Ke5 Nf4 37. Nd6 b6 38. Ne4+ Kc4
39. Nxg5 Nd3+ 40. Kxe6 Kb3 41. Kd5 Kxb2 42. Kc4 Kxa3 43. Kxd3 Kb2 44. Ne4 a3
45. Nc3 b5 46. Nd1+ Kb3 47. Ne3 a2 48. Nc2 Kb2 0-1

[Event "Gibtelecom Masters"]
[Site "Gibraltar"]
[Date "2008.01.25"]
[Round "4.49"]
[White "Wintzer, Joachim"]
[Black "Hansen, Pal Andreas"]
[Result "1-0"]
[WhiteElo "2349"]
[BlackElo "2108"]
[PlyCount "69"]
[EventDate "2008.01.22"]

1. c4 Nf6 2. Nc3 g6 3. e4 d6 4. d4 Bg7 5. Bd3 O-O 6. Nge2 Nc6 7. O-O e5 8. d5
Ne7 9. f3 Nd7 10. Bg5 f6 11. Bh4 Nc5 12. Bc2 a5 13. a3 g5 14. Bf2 f5 15. exf5
Bxf5 16. Ng3 Bxc2 17. Qxc2 Ng6 18. Nce4 Nd7 19. Rad1 b6 20. b4 Rf7 21. c5 bxc5
22. bxc5 Bf8 23. c6 Nc5 24. Nxc5 dxc5 25. Bxc5 Nf4 26. Rfe1 Qf6 27. Bxf8 Raxf8
28. Qc3 Re8 29. d6 cxd6 30. Ne4 Qd8 31. Nxd6 Qb6+ 32. Kh1 Qf2 33. Qd2 Qxd2 34.
Rxd2 Rd8 35. Rxe5 1-0

[Event "Gibtelecom Masters"]
[Site "Gibraltar"]
[Date "2008.01.25"]
[Round "4.50"]
[White "Lazarus, Ben"]
[Black "Vul, Arkadi Eremeevich"]
[Result "1/2-1/2"]
[WhiteElo "2143"]
[BlackElo "2337"]
[PlyCount "61"]
[EventDate "2008.01.22"]

1. e4 e5 2. Nf3 Nc6 3. Bb5 g6 4. d4 exd4 5. c3 Nge7 6. cxd4 d5 7. exd5 Nxd5 8.
O-O Bg7 9. Re1+ Be6 10. Ne5 O-O 11. Nxc6 bxc6 12. Bxc6 Rb8 13. Nc3 Nb4 14. d5
Bf5 15. Ba4 Nd3 16. Re2 Nxb2 17. Bxb2 Rxb2 18. Rxb2 Bxc3 19. Rab1 Bxb1 20. Rxb1
Ba5 21. Bc6 Qf6 22. Qe2 Rd8 23. g3 Bb6 24. Kg2 Rd6 25. Rb4 Bd4 26. Rb3 Qd8 27.
Rb4 Qf6 28. f3 Kg7 29. Qd3 Bb6 30. Re4 Qb2+ 31. Qe2 1/2-1/2

[Event "Gibtelecom Masters"]
[Site "Gibraltar"]
[Date "2008.01.25"]
[Round "4.51"]
[White "Ramaswamy, Aarthie"]
[Black "Danielmeier, Ralf"]
[Result "0-1"]
[WhiteElo "2322"]
[BlackElo "2112"]
[PlyCount "69"]
[EventDate "2008.01.22"]

1. e4 d5 2. exd5 Qxd5 3. Nc3 Qa5 4. d4 Nf6 5. Bc4 Bg4 6. f3 Bf5 7. Nge2 e6 8.
g4 Bg6 9. Nf4 Nc6 10. Bb5 O-O-O 11. Bxc6 bxc6 12. Bd2 Rxd4 13. h4 Bb4 14. a3
Bxc3 15. bxc3 Qe5+ 16. Ne2 Rd7 17. Qc1 Rhd8 18. Bf4 Rd1+ 19. Qxd1 Rxd1+ 20.
Rxd1 Qb5 21. Kd2 Bxc2 22. Kxc2 Qxe2+ 23. Bd2 Qxf3 24. g5 Nd5 25. Rhf1 Qg2 26.
Kc1 f6 27. Rde1 e5 28. gxf6 gxf6 29. h5 Nb6 30. Rxf6 Nc4 31. Rd1 e4 32. Rxc6
Nxd2 33. Rxd2 Qf3 34. Rd1 e3 35. Rc4 0-1

[Event "Gibtelecom Masters"]
[Site "Gibraltar"]
[Date "2008.01.25"]
[Round "4.52"]
[White "Thollin, Robert"]
[Black "Ly, Moulthun"]
[Result "0-1"]
[WhiteElo "2011"]
[BlackElo "2319"]
[PlyCount "34"]
[EventDate "2008.01.22"]

1. e4 e6 2. d4 d5 3. Nc3 Nf6 4. e5 Nfd7 5. f4 c5 6. Nf3 Nc6 7. Ne2 Qb6 8. c3
Be7 9. g3 O-O 10. Bg2 f6 11. Bh3 cxd4 12. cxd4 fxe5 13. Bxe6+ Kh8 14. Bxd7 Bxd7
15. Nxe5 Nxe5 16. fxe5 Bg4 17. a3 Qg6 0-1

[Event "Gibtelecom Masters"]
[Site "Gibraltar"]
[Date "2008.01.25"]
[Round "4.53"]
[White "Klinova, Masha"]
[Black "Campbell, Ian"]
[Result "1-0"]
[WhiteElo "2315"]
[BlackElo "2024"]
[PlyCount "55"]
[EventDate "2008.01.22"]

1. e4 Nf6 2. e5 Nd5 3. d4 d6 4. Nf3 g6 5. Be2 Bg7 6. O-O O-O 7. c4 Nb6 8. Nc3
Bg4 9. exd6 cxd6 10. Be3 Nc6 11. b3 d5 12. c5 Nc8 13. a3 e6 14. b4 N8e7 15. b5
Na5 16. Qa4 Bxf3 17. Bxf3 Nf5 18. Be2 b6 19. c6 e5 20. Rad1 Nxe3 21. fxe3 Bh6
22. dxe5 Bxe3+ 23. Kh1 d4 24. Ne4 Qe7 25. Nf6+ Kg7 26. Nd7 Rfd8 27. Bf3 Rac8
28. Bd5 1-0

[Event "Gibtelecom Masters"]
[Site "Gibraltar"]
[Date "2008.01.25"]
[Round "4.54"]
[White "Helin, Mikael"]
[Black "Langer, Michael"]
[Result "0-1"]
[WhiteElo "1935"]
[BlackElo "2314"]
[PlyCount "110"]
[EventDate "2008.01.22"]

1. e4 c5 2. Nc3 Nc6 3. g3 g6 4. Bg2 Bg7 5. d3 d6 6. Rb1 Nf6 7. h3 O-O 8. Nge2
e6 9. f4 Nd4 10. O-O Rb8 11. g4 Nd7 12. f5 Ne5 13. g5 Nxe2+ 14. Qxe2 exf5 15.
exf5 Bxf5 16. Rxf5 gxf5 17. Nd5 Ng6 18. Qh5 Re8 19. Bd2 Re5 20. Rf1 f4 21. h4
Ne7 22. Bc3 Nxd5 23. Bxe5 dxe5 24. Be4 Qd7 25. Qxh7+ Kf8 26. Bf5 Qe7 27. Kh1
Ne3 28. Rg1 Nxf5 29. Qxf5 Qe6 30. Qxe6 fxe6 31. h5 Kf7 32. Kg2 Rg8 33. Kf3 Bh6
34. g6+ Kf6 35. Ke4 b5 36. c3 Rg7 37. Rg2 a5 38. Rg1 Rc7 39. Rd1 Bg7 40. Rd2
Kg5 41. Rh2 Rc8 42. h6 Bxh6 43. Kxe5 Kxg6 44. Kxe6 f3 45. Rf2 Rf8 46. Kd5 Be3
47. Rf1 Rf4 48. Kc6 b4 49. Kb5 bxc3 50. bxc3 a4 51. a3 f2 52. d4 cxd4 53. Kc4
dxc3+ 54. Kxc3 Rg4 55. Kd3 Rg1 0-1

[Event "Gibtelecom Masters"]
[Site "Gibraltar"]
[Date "2008.01.25"]
[Round "4.56"]
[White "Jaksland, Tim"]
[Black "Larsson, Daniel"]
[Result "1-0"]
[WhiteElo "2294"]
[BlackElo "2003"]
[PlyCount "51"]
[EventDate "2008.01.22"]

1. e4 e5 2. Nf3 Nc6 3. Nc3 Nf6 4. a3 a6 5. d4 exd4 6. Nxd4 Bc5 7. Be3 Bb6 8.
Nxc6 bxc6 9. Bxb6 cxb6 10. e5 Qe7 11. Qe2 Nd5 12. Nxd5 cxd5 13. O-O-O Bb7 14.
Qg4 g6 15. h4 O-O-O 16. Rh3 Qxe5 17. Qb4 Kb8 18. Qxb6 Qc7 19. Qd4 f6 20. Rb3
Rc8 21. c3 Ka8 22. Rb6 Qe5 23. Bxa6 Qxd4 24. Rxd4 Bxa6 25. Ra4 Rc7 26. Rbxa6+
1-0

[Event "Gibtelecom Masters"]
[Site "Gibraltar"]
[Date "2008.01.25"]
[Round "4.58"]
[White "Urbina Perez, Juan Antonio"]
[Black "Kuenitz, Klaus"]
[Result "1-0"]
[WhiteElo "2241"]
[BlackElo "1645"]
[PlyCount "73"]
[EventDate "2008.01.22"]

1. e4 e6 2. d4 d5 3. Nd2 dxe4 4. Nxe4 Nd7 5. Nf3 Ngf6 6. Nxf6+ Nxf6 7. c3 c5 8.
Ne5 cxd4 9. Bb5+ Nd7 10. Qf3 Qf6 11. Nxd7 Bxd7 12. Bxd7+ Kxd7 13. Qxb7+ Kd6 14.
Qxa8 Qe5+ 15. Kf1 Qb5+ 16. Kg1 Qe2 17. Bf4+ e5 18. Qb8+ Kd5 19. Qxe5+ Qxe5 20.
Bxe5 Kxe5 21. cxd4+ Kxd4 22. Rd1+ Kc4 23. Rd8 g6 24. Kf1 Bg7 25. Rxh8 Bxh8 26.
Ke2 Bxb2 27. Kd2 Kb4 28. Kc2 Ka3 29. Rd1 a5 30. Kb1 Be5 31. g3 h5 32. f4 Bc3
33. Rd3 Kb4 34. Kc2 Ba1 35. a3+ Kc4 36. Rd7 f6 37. Rg7 1-0

[Event "Gibtelecom Masters"]
[Site "Gibraltar"]
[Date "2008.01.25"]
[Round "4.60"]
[White "Dimitrov, Pavel"]
[Black "Mortensen, Henrik"]
[Result "1-0"]
[WhiteElo "2448"]
[BlackElo "2034"]
[PlyCount "117"]
[EventDate "2008.01.22"]

1. e4 d5 2. exd5 Qxd5 3. Qf3 Qxf3 4. Nxf3 Nf6 5. d4 Bf5 6. c3 e6 7. Bc4 Nbd7 8.
Bf4 c6 9. Nbd2 Be7 10. Nh4 Bc2 11. Rc1 Nh5 12. Be3 Bg6 13. Nxg6 hxg6 14. Ke2
Nhf6 15. Nf3 Bd6 16. g3 Nb6 17. Bd3 Rd8 18. c4 Nbd7 19. a3 Bb8 20. b4 Ng4 21.
Bg5 Ngf6 22. h4 e5 23. dxe5 Nxe5 24. Bb1 O-O 25. Nxe5 Bxe5 26. Rcd1 Bb2 27. a4
Rfe8+ 28. Kf3 a6 29. Rxd8 Rxd8 30. Re1 Bc3 31. Re7 Bxb4 32. Rxb7 c5 33. Bxf6
gxf6 34. Be4 Rd4 35. Bd5 a5 36. Bxf7+ Kf8 37. Bd5 Rd3+ 38. Ke2 Ra3 39. Rf7+ Ke8
40. Rxf6 Ke7 41. Re6+ Kf8 42. Bc6 Kf7 43. Re3 Ra2+ 44. Kf1 Rc2 45. Kg2 Kg7 46.
Bb5 Bc3 47. Kf3 Bd4 48. Re2 Rc3+ 49. Kg4 Kf6 50. Kf4 Rc1 51. Kf3 Rc3+ 52. Kg2
Rc1 53. g4 Rc3 54. g5+ Kf7 55. Bc6 Kg7 56. Bd5 Ra3 57. Re7+ Kh8 58. h5 gxh5 59.
g6 1-0

[Event "Gibtelecom Masters"]
[Site "Gibraltar"]
[Date "2008.01.25"]
[Round "4.61"]
[White "Bradford, Joseph M"]
[Black "Pettersen, Joar Gullestad"]
[Result "1-0"]
[WhiteElo "2419"]
[BlackElo "2026"]
[PlyCount "117"]
[EventDate "2008.01.22"]

1. Nf3 d5 2. c4 e6 3. g3 Nf6 4. Bg2 Be7 5. d4 O-O 6. O-O dxc4 7. Qc2 a6 8. Qxc4
b5 9. Qc2 Bb7 10. Bd2 Be4 11. Qc1 Nbd7 12. Ba5 Rc8 13. Nc3 Ba8 14. Rd1 Qe8 15.
b4 Nd5 16. Nxd5 Bxd5 17. Qc2 f5 18. Rac1 Bd6 19. Nd2 Bxg2 20. Kxg2 Qh5 21. Nf3
Nb8 22. Qb3 Rf6 23. Bb6 Qe8 24. Bc5 Nd7 25. Rc3 Bxc5 26. dxc5 Nb8 27. Re3 Kh8
28. a3 h6 29. Qc3 Nc6 30. Ne5 Nxe5 31. Qxe5 Kg8 32. Red3 Qc6+ 33. f3 Rf7 34. h4
Re7 35. Rd4 Ra8 36. Kf2 Rf8 37. R1d3 Rff7 38. Rd8+ Re8 39. Qd4 Rfe7 40. Rd7 Kf7
41. Rxe7+ Rxe7 42. Qd8 e5 43. Qc8 Qe6 44. Rd8 e4 45. Qxe6+ Kxe6 46. fxe4 fxe4
47. g4 g5 48. hxg5 hxg5 49. Ke3 Ke5 50. Rg8 Kf6 51. Rf8+ Kg6 52. Ra8 Re6 53.
Ra7 c6 54. Rxa6 Rf6 55. Kd4 Re6 56. Ra7 Kh6 57. a4 bxa4 58. Rxa4 e3 59. Ra3 1-0

[Event "Gibtelecom Masters"]
[Site "Gibraltar"]
[Date "2008.01.25"]
[Round "4.62"]
[White "Houska, Jovanka"]
[Black "Getz, Nicolai"]
[Result "1-0"]
[WhiteElo "2393"]
[BlackElo "2019"]
[PlyCount "103"]
[EventDate "2008.01.22"]

1. d4 Nf6 2. Nf3 e6 3. c4 b6 4. g3 Bb7 5. Bg2 Be7 6. O-O O-O 7. Bf4 Na6 8. Nc3
Ne4 9. Rc1 d6 10. a3 c5 11. dxc5 Nxc3 12. Rxc3 Nxc5 13. b4 Ne4 14. Rc1 Bf6 15.
Qb3 Qe7 16. Rfd1 Rac8 17. Ne1 Rfd8 18. Be3 d5 19. Bxe4 dxe4 20. Ng2 Rxd1+ 21.
Rxd1 Ba6 22. Rc1 Qd7 23. Nf4 Bd4 24. Rd1 Bxc4 25. Qb1 e5 26. Qxe4 Qa4 27. Rc1
exf4 28. Rxc4 Re8 29. Qxd4 fxe3 30. fxe3 Qxa3 31. Rc7 h6 32. e4 Qb3 33. Kf2 a5
34. Qd5 Qxd5 35. exd5 axb4 36. Rb7 Rd8 37. e4 Rd6 38. Rc7 f5 39. Ke3 fxe4 40.
Kxe4 b3 41. Rc3 Kf7 42. Rxb3 Ke7 43. Ke5 Rg6 44. h4 Rf6 45. Ra3 Rd6 46. Ra7+
Rd7 47. d6+ Ke8 48. Ra6 Rb7 49. Ke6 Rb8 50. Ra7 Kf8 51. Rf7+ Kg8 52. d7 1-0

[Event "Gibtelecom Masters"]
[Site "Gibraltar"]
[Date "2008.01.25"]
[Round "4.63"]
[White "Dimitrov, Radoslav"]
[Black "Svendsen, Peter"]
[Result "1-0"]
[WhiteElo "2341"]
[BlackElo "2011"]
[PlyCount "45"]
[EventDate "2008.01.22"]

1. c4 g6 2. Nc3 Bg7 3. g3 d6 4. Bg2 Nc6 5. e3 Nf6 6. Nge2 O-O 7. O-O a6 8. d4
Bd7 9. h3 Na5 10. Qd3 c5 11. dxc5 dxc5 12. e4 Bc6 13. Qe3 Nd7 14. b3 b5 15.
cxb5 axb5 16. Bb2 b4 17. Nd1 c4 18. Bxg7 Kxg7 19. bxc4 Nxc4 20. Qb3 Nde5 21.
Qxb4 Qd3 22. Ndc3 Nf3+ 23. Bxf3 1-0

[Event "Gibtelecom Masters"]
[Site "Gibraltar"]
[Date "2008.01.25"]
[Round "4.64"]
[White "Steel, Henry Robert"]
[Black "Hickman, John E"]
[Result "1-0"]
[WhiteElo "2241"]
[BlackElo "2009"]
[PlyCount "61"]
[EventDate "2008.01.22"]

1. e4 d6 2. d4 Nf6 3. Nc3 g6 4. Nf3 Bg7 5. h3 O-O 6. Be3 a6 7. Qd2 b5 8. Bd3
Bb7 9. a3 Nbd7 10. g4 c5 11. d5 Nb6 12. Bh6 e6 13. Bxg7 Kxg7 14. dxe6 fxe6 15.
O-O-O Qd7 16. Nh4 b4 17. axb4 cxb4 18. Nb1 a5 19. f4 Rac8 20. f5 e5 21. Rde1
Na4 22. fxg6 hxg6 23. Qg5 Qf7 24. Nf5+ Kh8 25. Nxd6 Qb3 26. Nxc8 Qxb2+ 27. Kd2
Nxe4+ 28. Rxe4 Bxe4 29. Qh6+ Kg8 30. Bc4+ Rf7 31. Ne7# 1-0

[Event "Gibtelecom Masters"]
[Site "Gibraltar"]
[Date "2008.01.25"]
[Round "4.65"]
[White "Reppen, Sigmund"]
[Black "Byron, Alan M"]
[Result "1/2-1/2"]
[WhiteElo "2061"]
[BlackElo "2229"]
[PlyCount "80"]
[EventDate "2008.01.22"]

1. e4 g6 2. d4 Bg7 3. Nc3 c6 4. f4 d5 5. e5 h5 6. Nf3 Nh6 7. Be3 Bg4 8. Be2
Bxf3 9. Bxf3 e6 10. O-O Nd7 11. Qd2 Nf5 12. Bf2 Bf8 13. Nd1 Qb6 14. c3 Bh6 15.
g3 O-O-O 16. b4 Rdg8 17. h4 f6 18. exf6 Nxf6 19. Qe1 Re8 20. Nb2 Nd6 21. Nd3
Nfe4 22. Ne5 Rhg8 23. a4 Re7 24. Qe3 Rh7 25. Rfb1 Bf8 26. Qe1 Nxf2 27. Qxf2 Nf5
28. Kh2 Bd6 29. Re1 Qc7 30. Re2 Re7 31. Rae1 Rh7 32. Bg2 Re7 33. Bh3 Bxe5 34.
Rxe5 Rge8 35. Qe2 Kd8 36. Qd3 Qd6 37. R1e2 Kd7 38. Re1 Kd8 39. R1e2 Kd7 40. Re1
Kd8 1/2-1/2

[Event "Gibtelecom Masters"]
[Site "Gibraltar"]
[Date "2008.01.25"]
[Round "4.66"]
[White "Strand, Haakon"]
[Black "Navarro Torres, Pedro M"]
[Result "0-1"]
[WhiteElo "2045"]
[BlackElo "2210"]
[PlyCount "78"]
[EventDate "2008.01.22"]

1. e4 e5 2. Nf3 d6 3. d4 exd4 4. Nxd4 Nf6 5. Nc3 Be7 6. Bc4 O-O 7. Bb3 c5 8.
Nde2 Nc6 9. O-O Rb8 10. Bf4 b5 11. Bd5 Ne5 12. b3 b4 13. Na4 Ba6 14. c4 bxc3
15. Naxc3 Nd3 16. Bg3 Nh5 17. Qd2 Bf6 18. Bc4 Bxc4 19. bxc4 Nxg3 20. hxg3 Nb2
21. Qd5 Qa5 22. Rac1 Rfd8 23. Qf5 Nd3 24. Rcd1 Bxc3 25. Rxd3 g6 26. Qd5 Bg7 27.
Rd2 Re8 28. f4 Rxe4 29. f5 Rf8 30. f6 Bh6 31. Nf4 Rfe8 32. Qxd6 Qc3 33. Rd3
Qxc4 34. Nd5 Kh8 35. Ne7 Rd4 36. Qc6 Red8 37. Rdf3 Rd2 38. Kh2 Qxa2 39. Rc3 Rf2
{... 46 moves?} 0-1

[Event "Gibtelecom Masters"]
[Site "Gibraltar"]
[Date "2008.01.25"]
[Round "4.67"]
[White "Haugstad, Espen"]
[Black "Jaime Montalvan, Luis Feliz"]
[Result "0-1"]
[WhiteElo "2042"]
[BlackElo "2170"]
[PlyCount "96"]
[EventDate "2008.01.22"]

1. e4 c5 2. Nf3 d6 3. d4 cxd4 4. Nxd4 Nf6 5. Nc3 a6 6. Bg5 e6 7. f4 Be7 8. Qf3
h6 9. Bh4 Qc7 10. O-O-O Nbd7 11. g4 g5 12. fxg5 Ne5 13. Qg3 Nfxg4 14. gxh6 Bxh4
15. Qxh4 Rxh6 16. Qg3 Bd7 17. Be2 Rg6 18. Rdf1 O-O-O 19. h3 Nh6 20. Qf4 Rdg8
21. Nf3 Nxf3 22. Bxf3 Qc5 23. h4 Qe5 24. Qd2 Bc6 25. Kb1 Kc7 26. Rd1 Rf6 27.
Rhf1 Rf4 28. h5 Rg5 29. Ne2 Rh4 30. Qe1 Rh2 31. Nd4 Bb5 32. Qa5+ b6 33. Qc3+
Qc5 34. Nxb5+ axb5 35. Qd3 Rh3 36. e5 Qxe5 37. Qa3 d5 38. Qe7+ Kc6 39. Rd3 b4
40. Qxb4 Kd7 41. Qb5+ Ke7 42. Qxb6 Nf5 43. a4 Rg8 44. Rc3 Kf6 45. a5 Rb8 46.
Qc5 Rh4 47. b3 Rhb4 48. Kb2 Rc4 0-1